000 00688nam a22002057a 4500
999 _c16937
_d16937
003 AR-CdUCM
008 190506b ||||| |||| 00| 0 sap d
040 _aMUNICIPALIDAD PROVINCIAL DEL CUSCO
_cBIBLIOTECA MUNICIPAL DEL CUSCO
082 _a891.35 /
_bP89
100 _aPuchkin, Alejandro.
_936692
245 _aLa hija del capitán /
260 _aChile :
_bOsiris,
_c1939.
300 _a132 páginas ;
_c20 cm.
440 _aColección Osiris.
_n43.
_936693
505 _aContenido :El sargento de la guardia -- El guía -- La fortaleza -- El duelo -- Amor ...
650 _aCapitán.
_9938
650 _aHistorias reales.
_929099
942 _2ddc
_cLIBROS
945 _arum
_d2019-05-06